Statystyki dla Wiedza z Shortów GeoMexa (Dla GeoMexa)

Kliknij tutaj aby rozwiązać quiz!

Ogólne statystyki

  • Ten quiz został rozwiązany 402 razy
    (279 od ostatniego zresetowania)
  • Średni wynik to 13 z 58

Statystyki odpowiedzi

PytanieOdpowiedź% Poprawnych
Państwa Graniczace z
Kanadą
Stany Zjednoczone
94%
Państwa Graniczące z
Kanadą
Dania
83%
Państwo w Europie,
które nigdy nie osiągneło
35 stopni cencjusza
Islandia
79%
Państwa Europy
zawierające 2 literki "U"
Rumunia
55%
Państwo w Europie,
które nigdy nie osiągneło
35 stopni cencjusza
Irlandia
52%
Państwo, któremu Rosja
chciała sprzedać alaskę
Liechtenstein
48%
Państwa Europy
zawierające 2 literki "U"
Luksemburg
41%
Najtrudniejszy do zatopienia
kraj
Nepal
40%
Najłatwiejszy do nauczenia
język przez Polaka
Słowacki
40%
Najtrudniejszy do zatopienia
kraj
Chiny
38%
Państwa w Europie
mające 2 stolice
Holandia
38%
Najbardziej zbombardowany
kraj
Laos
36%
Najłatwiejszy do zatopienia
kraj
Malediwy
36%
Afrykańskie Państwo, które
lezy na 2 kontynentach
Egipt
33%
Kraj Który stracił najwięcej
terytoriów w historii #3
Imperium Mongolskie / Mongolia
31%
Państwa z podobną
ludnością do polski
Kanada
29%
Najbardziej zbliżony
wielkością kraj do Polski
Oman
28%
Kraj Który stracił najwięcej
terytoriów w historii #2
Imperium Brytyjskie / Wielka Brytania
27%
Najlepszy paszport na
świecie (do jakiego państwa
należy)
Singapur
27%
Kraj Który stracił najwięcej
terytoriów w historii #1
Watykan
25%
Najtrudniejszy język
do nauczenia
Mandaryński
23%
Państwo z najniższą temperaturą
w historii
Rosja
23%
Państwa podwójnie
śródlądowe to Liechtenstein i
Uzbekistan
23%
Kraj z najminiejszą linią
brzegową
Monako
22%
Państwa które w przyszłości
istnieć w Europie
Katalonia
21%
Państwo z najbardziej
pomarańczową flagą
Bhutan
18%
Państwo z najbardziej białą
flagą
Cypr
18%
Najpopularniejsza gra w
historii
Tetris
18%
Państwa w Europie
mające 2 stolice
Czarnogóra
17%
Państwo z najbardziej
czerwoną flagą (miejsce 2)
Maroko
17%
Najtrudniejsza wyspa
do zatopienia
Nowa Gwinea
17%
Najpopularniejszy kolor na flagachCzerwony
16%
Państwa z podobną
ludnością do polski
Afganistan
15%
Państwo, które wygrało najwięcej
Bitew
Francja
15%
Państwo z jedny kolorem na fladze
do roku 2011
Libia
14%
Państwo z najbardziej zieloną
flagą
Arabia saudyjska
13%
Flaga, która nie posiada koloru
czerwonego,białego i niebieskiego
Jamajka
13%
Najpopularniejsza stolica na świecieParyż
12%
Symbol najcześciej używany na
flagach
Gwiazda
11%
Flaga Europy z Tekstem na fladzeSan marino
11%
Rekord Oglądalności w
Polsce (liczba oglądaczy)
19.000.000
10%
Kraj, który teoretycznie nie
posiada swojej stolicy
Nauru
10%
Kraj, który przekroczył 100mln
mieszkańców w 2023r.
Wietnam
9%
Państwa które w przyszłości
istnieć w Europie
Bawaria
8%
Kraj, który zmienił swoją stolice
przez ostatnie 15 lat
Burundi
6%
Państwo w unii europejskiej
w którym jest najmniej więźniów
Finlandia
6%
Flaga Europy z Tekstem na fladzeAndora
5%
Najnowsza flaga na świecieHonduras
5%
Największy dystrykt na świecieJakucja
5%
Najbardziej zbliżony
wielkością kraj do Norwegii
Wybrzeże kości Słoniowej
5%
Państwo Europy, ktore zmieniało
swoją flage najcześciej
Mołdawia
4%
Wysokość morza do
zatopienia Polski
2500m n.p.m
3%
Flaga Europy z Tekstem na fladzeMalta
3%
Najniebezpieczniejsze miasto
w Europie
BradFord
2%
Flaga europy z księżycemChorwacja
2%
Państwa które w przyszłości
istnieć w Europie
Republika Serbska
2%
Najrzadsze państwo świataWyspy świętego Tomasza i Książęca
2%
Wysokość morza do
zatopienia europy
5700m n.p.m.
0%

Rozkład punktacji

Percentyl według liczby udzielonych odpowiedzi

Procent ludzi z każdym wynikiem

Twoja historia wyników

Nie rozwiązałeś tego quizu od ostatniego zresetowania